header

Counselling for anxiety problems (Record no. 55552)

MARC details
000 -LEADER
fixed length control field 01468nam a22003734a 4500
082 04 - DEWEY DECIMAL CLASSIFICATION NUMBER
Classification number 616.85/223
100 1# - MAIN ENTRY--AUTHOR NAME
Personal name Sanders, Diana.
245 10 - TITLE STATEMENT
Title Counselling for anxiety problems
250 ## - EDITION STATEMENT
Edition statement 2nd ed.
260 ## - PUBLICATION, DISTRIBUTION, ETC. (IMPRINT)
Place of publication London ;
-- Thousand Oaks, Calif. :
Name of publisher Sage Pub.,
Year of publication 2003.
300 ## - PHYSICAL DESCRIPTION
Number of Pages xvi, 248 p. :
Other physical details ill.
490 1# - SERIES STATEMENT
Series statement Counselling in practice
500 ## - GENERAL NOTE
General note First ed.: Counselling for anxiety problems / Richard S. Hallam, published in 1992.
650 #0 - SUBJECT ADDED ENTRY--TOPICAL TERM
Topical Term Anxiety
700 1# - ADDED ENTRY--PERSONAL NAME
Personal name Hallam, Richard S.
Personal name Wills, Frank.
856 40 - ELECTRONIC LOCATION AND ACCESS
Uniform Resource Identifier http://site.ebrary.com/lib/rucke/Doc?id=10080936

No items available.

© 2026 Rongo University
Contact us: librarian | system librarian | Rongo university